1131 1984 1830 1763 1942 1908 1039 1429 1652 1977 1366 1474 1616 1626 1172 1295 1721 1602 1568 1736 1785 1987 1021 1097 1435 1038 1332 1308 1778 1937 1596 1253 1511 1868 1219 1588 1246 1829 1991 1940 1000 1226 1491 1281 1470 1218 1451 1383 1326 1040 1854 1551 1203 1367 1306 1619 1286 1640 1381 1045 1139 1917 1735 1552 1550 1607 1220 1503 1537 1617 1178 1149 1081 1241 1710 1313 1550 1439 1528 1346 1583 1481 1110 1227 1855 1490 1080 1497 1428 1624 1024 1987 1166 1859 1417 1772 1157 1804 1237 BCNSPRNW ULIB Ver.6.0+V

เปลี่ยนเป็นภาษาไทย

Change to English
 แสดงรายละเอียดบรรณานุกรม
  กลับหน้าหลัก

Brief Record : Get Marc (ISO 2709) : E-mail record : QR code < ปิดหน้าต่าง
LEADER : 00000nam 2200000uu 4500
001    13399114613
003     ULIB
008    120424s2550||||th 000 0 tha d
060 04 ^aWA540.JT3^bส691พ 2550
245 00 ^aพระราชบัญญัติสุขภาพแห่งชาติ พ.ศ. 2550 /^cสำนักงานคณะกรรมการสุขภาพแห่งชาติ (สช.)
260    ^a[กรุงเทพฯ] :^bสหพัฒนไพศาล,^c2550
300    ^a32 หน้า ;^c21 ซม.
650  7 ^aสุขภาพ^vกฎหมายและระเบียบข้อบังคับ
650  7 ^aพระราชบัญญัติสุขภาพแห่งชาติ
650  7 ^aนโยบายด้านสุขภาพ
710 2  ^aสำนักงานคณะกรรมการสุขภาพแห่งชาติ (สช.)
945    ^p0^l0^i14407
945    ^p0^l0^i14409
945    ^p0^l0^i14408
945    ^p0^l0^i14411
945    ^p0^l0^i14410
995    ^aกัณชพร
999 ^a ใช้งานได้ทุกระบบ
รายการนี้ยังไม่มีแท็ก
คุณยังไม่ได้ล็อกอิน คุณสามารถมีกิจกรรมร่วมกับเว็บไซต์ได้ แต่ต้องล็อกอินก่อน ::
  ล็อกอิน

รายการสื่อสารสนเทศ

ลำดับที่ ประเภท เลขเรียก/บาร์โค้ด สถานที่ สถานะ
1. วิทยาศาสตร์การแพทย์ และสุขภาพ
วิทยาศาสตร์การแพทย์ และสุขภาพ
WA540.JT3 ส691พ 2550 ฉ.5 
  Barcode: 14410
ห้องสมุดวิทยาเขตสวรรค์ประชารักษ์
►หนังสือทั่วไป
บนชั้น

รายการใกล้เคียง
    หัวเรื่อง [พระราชบัญญัติสุขภาพแห่งชาติ]
    หัวเรื่อง [นโยบายด้านสุขภาพ]

BibComment


ยังไม่เคยถูกคอมเมนท์

คอมเมนท์ทรัพยากรรายการนี้
  คอมเมนท์: พระราชบัญญัติสุข..


 Copyright 2026. Bcnsprnw @Library